| 000 | 01150cam a22003374a 4500 | ||
|---|---|---|---|
| 001 | 13140674 | ||
| 003 | OSt | ||
| 005 | 20150408114010.0 | ||
| 008 | 030328s2004 moua b 001 0 eng | ||
| 010 | _a 2003048841 | ||
| 020 | _a0323024017 (pbk) | ||
| 035 | _a(DNLM)101173255 | ||
| 040 |
_aDNLM/DLC _cDLC _dDLC |
||
| 042 | _apcc | ||
| 050 | 0 | 0 |
_aRT86.3 _b.B34 2004 |
| 060 | 1 | 0 |
_aWY 87 _bB198c 2004 |
| 082 | 0 | 0 |
_a610.730699 _221 |
| 100 | 1 |
_aBalzer-Riley, Julia W. _910125 |
|
| 245 | 1 | 0 | _aCommunication in nursing. |
| 250 |
_a5th ed. / _bJulia Balzer Riley. |
||
| 260 |
_aSt. Louis, Mo. : _bMosby, _cc2004. |
||
| 300 |
_axxi, 407 p. : _bill. ; _c23 cm. |
||
| 504 | _aIncludes bibliographical references and index. | ||
| 650 | 0 |
_aNurse and patient. _95020 |
|
| 650 | 0 |
_aInterpersonal communication. _910126 |
|
| 650 | 1 | 2 |
_aNurse-Patient Relations _vNurses' Instruction. _910127 |
| 650 | 2 | 2 |
_aCommunication _vNurses' Instruction. _910128 |
| 650 | 2 | 2 |
_aInterpersonal Relations _vNurses' Instruction. _910129 |
| 942 |
_2ddc _cBOOK |
||
| 999 |
_c21141 _d255641 |
||